000 00749nam a22002177a 4500
999 _c20560
_d20560
003 AR-CdUCM
008 190531b ||||| |||| 00| 0 spa d
040 _aMUNICIPALIDAD PROVINCIAL DEL CUSCO
_cBIBLIOTECA MUNICIPAL DEL CUSCO
082 _a617.522 /
_bC52
100 _aCosio Dueñas, Herbert y Letona Vargas, Harold
_942984
245 _aNeurofisiología de la oclusión /
260 _aCusco :
_c2009.
300 _a106 páginas ;
_c21 cm.
505 _aContenido: Análisis morfofuncional -- Articulación temporomandibular -- Componentes neuromusculares...
650 _aOclusión
_942985
650 _aOdontología
_919616
650 _aMaxilares
_942986
650 _aMasticación.
_942987
942 _2ddc
_cLIBROS
945 _aJavier